| 000 | 00819nam a2200241 a 4500 | ||
|---|---|---|---|
| 001 | BRCA_6391 | ||
| 005 | 20190320205433.0 | ||
| 008 | 020911s1960----nyu#######---#000-0#eng-# | ||
| 041 | _aeng | ||
| 044 | _anyu | ||
| 050 | 4 |
_aE169 _b.G62 1960 |
|
| 100 | 1 |
_aGolden, Harry _d1902-1981 _915986 |
|
| 245 | 1 | 0 |
_aFor 2¢ Plain _cHarry Golden ; foreword by Carl Sandburg. |
| 260 |
_aNueva York _bPermabooks _c1960 |
||
| 300 |
_axxii, 313 p. _c17 cm. |
||
| 500 | _aEstado fisíco: cubierta posterior incompleta (rota por la mitad), al igual que las páginas 309-310, 311-312 y 313. | ||
| 500 | _aCEF93 | ||
| 651 | 4 |
_aEstados Unidos de Norteamérica _xCivilización _915987 |
|
| 651 | 4 |
_aEstados Unidos de Norteamérica _xVida social y costumbres _915988 |
|
| 700 | 1 |
_aSandburg, Carl _915989 |
|
| 902 | _aGFM | ||
| 942 |
_2lcc _cB |
||
| 999 |
_c6077 _d6077 |
||